LEADER 01658nem0-2200397---450- 001 990009921510403321 005 20141202155629.0 035 $a000992151 035 $aFED01000992151 035 $a(Aleph)000992151FED01 035 $a000992151 100 $a20141202d1925----km-y0itay50------ba 101 0 $aita 102 $aIT 120 $ab-y------aa-- 121 $aaa-aa----$b-------- 123 1 $aa$b1:2000000$de0300000$ee0520000$fn0200000$gs0030000 124 $aa$bd$c--$da$e-$f--$g-- 200 1 $aAfrica orientale Eritrea, Somalia, Etiopia, Sudan anglo-egiziano, Uganda, Chenia, Iemen, ecc.$bDocumento cartografico$ecarta dimostrativa fisico-politica$fcostruita, redatta e disegnata da Achille Dardano 206 $a1:2000000 ; proiezione policentrica (E30°-E52°/N20°-S3°) 210 $aRoma$cMinistero delle Colonie$aBergamo$cIst. ital. d'arti grafiche$d1925 215 $a1 c. in 4 fogli$ccolor., in cart.$d65 x 62 cm ripieg. 35 x 20 cm 300 $aRipr. fotolitografica dall'orig. 300 $aIn testa al front.: Ministero delle colonie, Ufficio studi e propaganda, Servizio cartografico. 610 0 $aAfrica$aCarte 700 1$aDardano,$bAchille$f<1870-1938>$075330 801 0$aIT$bUNINA$gRICA$2UNIMARC 901 $aMP 912 $a990009921510403321 952 $aCons.3 Atl.1 031(1)$bIst. s.i.$fILFGE 952 $aCons.3 Atl.1 031(2)$bIst. s.i.$fILFGE 952 $aCons.3 Atl.1 031(3)$bIst. s.i.$fILFGE 952 $aCons.3 Atl.1 031(4)$bIst. s.i.$fILFGE 959 $aILFGE 996 $aAfrica orientale Eritrea, Somalia, Etiopia, Sudan anglo-egiziano, Uganda, Chenia, Iemen, ecc$9830895 997 $aUNINA LEADER 05095nam 2200577 450 001 9910788439903321 005 20230810000312.0 010 $a3-11-052089-3 024 7 $a10.1515/9783110521788 035 $a(CKB)3340000000003188 035 $a(MiAaPQ)EBC4931496 035 $a(DE-B1597)473800 035 $a(OCoLC)999379262 035 $a(DE-B1597)9783110521788 035 $a(Au-PeEL)EBL4931496 035 $a(CaPaEBR)ebr11419541 035 $a(OCoLC)999642137 035 $a(EXLCZ)993340000000003188 100 $a20170822h20172017 uy 0 101 0 $ager 135 $aurcnu|||||||| 181 $2rdacontent 182 $2rdamedia 183 $2rdacarrier 200 00$aIntermedialia?t in der fru?hen neuzeit $eformen, funktionen, konzepte /$fherausgegeben von Jo?rg Robert 210 1$aBerlin, [Germany] ;$aBoston, [Massachusetts] :$cDe Gruyter,$d2017. 210 4$d©2017 215 $a1 online resource (404 pages) 225 0 $aFru?he Neuzeit: Studien und Dokumente zur deutschen Literatur und Kultur im europa?ischen Kontext,$x0934-5531 ;$vBand 209 311 $a3-11-048355-6 311 $a3-11-052178-4 320 $aIncludes bibliographical references and index. 327 $tFrontmatter -- $tInhalt -- $tEinleitung -- $tIntermedialität in der Frühen Neuzeit - Genealogien und Perspektiven / $rRobert, Jörg -- $tI. Theatrale Intermedialität -- $tDie Verthönung - Illustration auf dem Theater / $rScheitler, Irmgard -- $tShakespeare und die Bilder der Vorstellung: »The soul's imaginary sight« im 27. Sonett / $rBauer, Matthias / Zirker, Angelika -- $t»Grief's true picture« - Enargeia als intermediales Konzept und Leitmodell für actio und acting / $rSinger, Rüdiger -- $tII. Musikalische Intermedialität -- $tMaske und Performanz - Zum intermedialen Charakter der italienischen Madrigaldichtung zwischen Trecento und Cinquecento / $rMehltretter, Florian -- $t»L'opéra est un spectacle« (Voltaire): Zur Intermedialität der tragédie en musique / $rGess, Nicola -- $t»Ich singe, wie der Vogel singt« - Bestimmung der Lyrik von Goethe bis Opitz / $rWerle, Dirk -- $tEinbildungskraft und Intermedialität bei Friedrich Spee und Catharina Regina von Greiffenberg / $rLaak, Lothar van -- $tIII. Bildende Kunst, Buchdruck, Medien -- $tMediale Netzwerke und Intermedialität in der Frühen Neuzeit / $rMüller, Jürgen E. -- $t»Cazzon da mulo« - Sprach- und Bildwitz in Caravaggios Junge von einer Eidechse gebissen / $rMüller, Jürgen -- $tGraphien der Zeit: Über Stundenbücher in Mittelalter und Neuzeit / $rSchmitz-Emans, Monika -- $tZu Paratextualität und Intermedialität in Sebastian Brants Vergilius pictus (Straßburg 1502) / $rHamm, Joachim -- $tParagonale Relationen? Das Verhältnis von Musik, Bild und Text in Titelkupfern barocker Liedersammlungen / $rDröse, Astrid -- $tIV. Literarische Bildpoetik -- $tVorüberlegungen zum Entwurf einer intermedialen Rhetorik anhand von emblematischen Figurationen in der Frühen Neuzeit / $rArend, Stefanie -- $tLaokoons Schlange / $rWesche, Jörg -- $t»geschwiester Kinder« - Bildtheorie und Paragone bei Martin Opitz / $rRobert, Jörg -- $tText und Bild bei Harsdörffer: Vom Paragone zur synästhetischen Animation / $rStockhorst, Stefanie -- $tBildgestalt aus den Lettern - Die Intermedialität der visuellen Poesie im 17. Jahrhundert / $rPlotke, Seraina -- $tRegister 330 $aIntermedialität hat sich in den vergangenen Jahren zu einem Paradigma der Literatur-, Bild- und Musikwissenschaften entwickelt. Phänomene der Medienkombination und -konkurrenz wurden dabei vor allem für Literatur, Musik und Bildende Kunst des 19. bis 21. Jahrhunderts untersucht. Der hier vorliegende interdisziplinäre Band stellt den ersten Versuch dar, intermediale Formen und ihre theoretischen Grundlagen für die Frühe Neuzeit (1500-1750) zu erfassen. Im Sinne einer literaturzentrierten Intermedialität stehen Wechselwirkungen zwischen der Literatur und den übrigen Künsten im Mittelpunkt. Neben Formen der Bild-Text-Kombination bzw. -transformation wie Emblem, carmen figuratum oder Ekphrasis werden Spielarten musikalischer Intermedialität (Lied, Bühnenmusik, Oper), aber auch die Vorgeschichte der Gesamtkunstwerk-Idee des 19. Jahrhunderts erschlossen. Mit diesem weiten Spektrum füllt der Band nicht nur eine Lücke zwischen historischer Frühneuzeit- und systematischer Intermedialitätsforschung, sondern bildet zudem eine wichtige Grundlage für eine noch zu schreibende Literaturgeschichte der Intermedialität. 606 $aIntermediality 606 $aArts$xHistory$y16th century 610 $aIntermediality. 610 $aearly modern period. 610 $ainterart studies, comparative studies. 615 0$aIntermediality. 615 0$aArts$xHistory 676 $a700.9/03 686 $aGG 3871$2rvk 702 $aRobert$b Jo?rg 801 0$bMiAaPQ 801 1$bMiAaPQ 801 2$bMiAaPQ 906 $aBOOK 912 $a9910788439903321 996 $aIntermedialia?t in der fru?hen neuzeit$93744949 997 $aUNINA LEADER 04599nam 22006015 450 001 9910635400503321 005 20251008153612.0 010 $a9783031156526$b(electronic bk.) 010 $z9783031156519 024 7 $a10.1007/978-3-031-15652-6 035 $a(MiAaPQ)EBC7158096 035 $a(Au-PeEL)EBL7158096 035 $a(CKB)25732558700041 035 $a(DE-He213)978-3-031-15652-6 035 $a(EXLCZ)9925732558700041 100 $a20221215d2023 u| 0 101 0 $aeng 135 $aurcnu|||||||| 181 $ctxt$2rdacontent 182 $cc$2rdamedia 183 $acr$2rdacarrier 200 10$aApparatchiks and Ideologues in Islamist Turkey $eThe Intellectual Order of Islamism and Populism /$fby Do?an Gürp?nar 205 $a1st ed. 2023. 210 1$aCham :$cSpringer International Publishing :$cImprint: Palgrave Macmillan,$d2023. 215 $a1 online resource (178 pages) 311 08$aPrint version: Gürp?nar, Do?an Apparatchiks and Ideologues in Islamist Turkey Cham : Springer International Publishing AG,c2023 9783031156519 320 $aIncludes bibliographical references and index. 327 $a1. Introduction: The AKP?s Intellectual Order and Political Technology in Comparative Perspectives -- 2. Quasi-liberal Intellectuals as AKP Apparatchiks: The Second Republic, White Turks, and Other Apologetics -- 3. Islamism, Populism, and Nativism: A Syncretic Brand -- 4. Popular Culture and Conspiracy: Managing the Political Entertainment Scene -- 5.The Rise of Politico Intellectuals: Think Tanks, and the Operators of Political Technology -- 6. Allies: The AKP-MHP Coalition and the Defense Intellectuals -- 7. The State of Turkish Universities during the AKP Rule -- 8. Historians, Ottomanphilia, Perennial Islam, and Contested National Identity in an Era of Cultural War. 330 $aThis book analyzes how AKP?s embedded intellectuals operate as media spin doctors, exploring their transformation from passionately engaged intellectuals into apparatchiks. This project adapts a post-Soviet geography approach to the media, intelligentsia, and political discourse as derivative of authoritarian regimes to the Turkish context. It offers a fresh look at the Turkish political and intellectual scene and a comparative study of the populist-authoritarian politics of Turkey. Situated in the literature on the post-Soviet authoritarian regimes and their ways of governing, as well as their manipulation of public opinion, the book analyzes AKP-aligned intellectuals as apparatchiks. Gürp?nar explores the different constellations of pro-AKP intellectuals vindicating the AKP regime from various angles, including: liberal/progressive intellectuals who initially supported the party for its liberal vistas but continued their support by twisting their progressive rhetoric; Islamist intellectuals blending their Islamism with populism; and national security intellectuals who joined after the AKP came to propagate a national security agenda. The book also provides an overview of the mechanisms of political technology, including the media landscape and its running by the AKP, intellectuals themselves as operators of political technology, and the problem of ?cultural power.? The book will be of interest to those studying comparative authoritarian politics, populism, political communication, and scholars of Middle East and Eastern Europe. Do?an Gürp?nar is an associate professor at Istanbul Technical University (?TÜ). He has published three books in English: Ottoman/Turkish Visions of the Nation, 1860?1950 (2013), Ottoman Imperial Diplomacy (2014), and Conspiracy Nation: Conspiracy Theories in Turkey (2019). 606 $aCommunication in politics 606 $aWorld politics 606 $aIntellectual life$xHistory 606 $aMiddle East$xPolitics and government 606 $aPolitical Communication 606 $aPolitical History 606 $aIntellectual History 606 $aMiddle Eastern Politics 615 0$aCommunication in politics. 615 0$aWorld politics. 615 0$aIntellectual life$xHistory. 615 0$aMiddle East$xPolitics and government. 615 14$aPolitical Communication. 615 24$aPolitical History. 615 24$aIntellectual History. 615 24$aMiddle Eastern Politics. 676 $a354.81150006 700 $aGu?rp?nar$b Dog?an$01242402 801 0$bMiAaPQ 801 1$bMiAaPQ 801 2$bMiAaPQ 912 $a9910635400503321 996 $aApparatchiks and Ideologues in Islamist Turkey$92998133 997 $aUNINA